000 00271nam a22001217a 4500
008 170412b xxu||||| |||| 00| 0 eng d
041 _aeng
080 _a612.39
100 _a10
101 _aSHM
245 _aFARA DHE TEKNOLOGJIA E SAJ
_cSALILLARI, A
942 _2udc
_cBK
999 _c10461
_d10461